000 01434cab a2200193 4500
001 ##L133143
008 060418n2006 000 0 eng u
035 _a(Sirsi) u133143
041 0 _aeng
100 1 _aShepherd, Mark
245 0 0 _aDuty-bound to tell the truth
260 _c2006
490 0 _aProperty Week
_v71(15) 14 April 2006, 76-77(2)
520 _aRICS members fear that they will be placed at a commercial disadvantage if the latest RICS practice statement for expert witnesses is published in its present form. They claim that the rules that RICS expert witnesses must follow are harsher than those applied by the Royal Town Planning Institute (RTPI) to chartered planners. For instance, the consultation document states that RICS members should put their duty to the court over their duty to the client. This involves stating in their professional opinion whether they agree with their client or not. In contrast, town planners do not have to volunteer this information. RICS must therefore decide whether it should relax its rules, or ask the RTPI to change its rules. However, there are surfacing indications that the RTPI will be resistant.
590 _aIKA250406
650 2 4 _aSURVEYORS ACTING AS EXPERT WITNESSES RICS PRACTICE STATEMENT AND GUIDANCE NOTE
690 _aMANAGEMENT-DISPUTE AVOIDANCE, MANAGEMENT AND RESOLUTION-DISPUTE MANAGEMENT AND RESOLUTION-EXPERT WITNESSES-EXPERT EVIDENCE
942 _n0
999 _c76820
_d76820